000
00317nam a22001457a 4500
008
221109b ||||| |||| 00| 0 eng d
020
_a
2740276685461
041
_a
eng
080
_2
FOURTH EDITION
_a
34
082
_a
34
100
_a
32
101
_a
JUR
245
_a
FORENSIC SCIENCE
_c
JAMES S
942
_2
udc
_c
BK
999
_c
58815
_d
58815